| 000 | 01011nam a22002537a 4500 | ||
|---|---|---|---|
| 999 |
_c65280 _d65280 |
||
| 005 | 20240530110816.0 | ||
| 008 | 190624s2019 ua f f b 000 0 ara d | ||
| 017 |
_a2019/3539 _bمصر. دار الكتب |
||
| 020 | _a9789777282864 | ||
| 040 |
_aEG-CaGPL _cEG-CaGPL |
||
| 082 | 0 | 4 |
_221 _a253.902 / _bق/س ق |
| 100 | 0 | _aسحر محمد القطرى | |
| 245 | 1 | 0 |
_aقراءات وثائقية اثارية : _bبحوث لعمائر واملاك مندثرة فى ضوء وثائق مختارة / _cسحر محمد القطرى |
| 250 | _aط. 1 | ||
| 260 |
_aالقاهرة : _bدار الحكمة للطباعة و النشر و التوزيع، _c2019. |
||
| 300 |
_a199 ص. : _bايض ؛ _c24 سم. |
||
| 504 | _aيشتمل على ارجاعات ببليوجرافية | ||
| 650 | 0 | 7 |
_2qrmak _aالوقف |
| 650 | 0 | 7 |
_2qrmak _aالاراضى _xوقف |
| 650 | 0 | 7 |
_2qrmak _aالهبة |
| 651 | 0 | 7 |
_2qrmak _aالقاهرة _xاوقاف |
| 942 |
_2ddc _cBK |
||